01361 2200193 4500001002100000005001500021035002000036007000300056008004100059020001800100082001500118084002100133100001800154245010100172250002000273260004500293300002000338520080900358INLIS00000000001108820250819073104 a0010-0825000001ta250819 0 ind  a9786233727198 a351.003 13 a351.003 13 ABD p0 aAbdul Ghoffar1 aPengisian Kekosongan Jabatan Presiden :bPerbandingan dengan 15 Negara di Dunia /cAbdul Ghoffar aEd.1, Cet. ke-1 aDepok :bPT. Rajagrafindo Persada,c2022 a510 hlm.; 23 cm aBuku ini mengangkat berbagai persoalan terkait pengisian kekosongan jabatan Presiden. Berbagai potensi terjadinya kekosongan jabatan karena belum ada aturan yang mengaturnya juga dijelaskan secara detail dalam buku ini. Termasuk saran dan masukan bagaimana cara untuk menutup berbagai “lubang” tersebut yang didasarkan dengan berbagai teori, termasuk praktik di 15 negara di dunia. Buku padat dan bermutu menjawab beberapa persoalan... dengan pendekatan hukum dan perbandingan dengan beberapa negara. Melalui perbandingan itu dapat diketahui lubang-lubang konstitusional jika terjadi kekosongan jabatan Presiden di Indonesia. Kajian di dalam buku ini juga memberikan alternatif hukum guna mengisi lubang konstitusional sehingga jabatan Presiden tidak pernah kosong apapun yang terjadi.